Constitutional law of India: incorporating the panchayati raj & nagarpalika constitution 73rd & 74th amendment act 1992 (Record no. 232705)

MARC details
000 -LEADER
fixed length control field 00480nam a2200157Ia 4500
008 - FIXED-LENGTH DATA ELEMENTS--GENERAL INFORMATION
fixed length control field 230917s9999||||xx |||||||||||||| ||und||
040 ## - CATALOGING SOURCE
-- 81332
Original cataloging agency VIVEKANANDA LIBRARY
041 ## - Language
-- English
082 ## - DDC NUMBER
Classification number 342.54 P192C
100 ## - MAIN ENTRY--PERSONAL NAME
Personal name Pandey, J N
245 #0 - TITLE STATEMENT
Title Constitutional law of India: incorporating the panchayati raj & nagarpalika constitution 73rd & 74th amendment act 1992
250 ## - EDITION STATEMENT
Edition statement 26th ed.
260 ## - PUBLICATION, DISTRIBUTION, ETC. (IMPRINT)
Place of publication, distribution, etc Allahabad
Name of publisher, distributor, etc Central Law Agency
Date of publication, distribution, etc 1994
300 ## - PHYSICAL DESCRIPTION
Pages xxxi, 584 p.
942 ## - ADDED ENTRY ELEMENTS (KOHA)
Koha item type Books
Holdings
Withdrawn status Lost status Damaged status Not for loan Location (home branch) Sublocation or collection (holding branch) Date acquired Koha issues (times borrowed) Koha full call number Accession No. Koha date last seen Koha item type
        VIVEKANANDA LIBRARY VIVEKANANDA LIBRARY 30/01/2010   342.54 P192C BB3266 17/09/2023 Books
        VIVEKANANDA LIBRARY VIVEKANANDA LIBRARY 30/01/2010   342.54 P192C BB3267 17/09/2023 Books
        VIVEKANANDA LIBRARY VIVEKANANDA LIBRARY 30/01/2010   342.54 P192C BB3268 17/09/2023 Books
        VIVEKANANDA LIBRARY VIVEKANANDA LIBRARY 30/01/2010   342.54 P192C BB3269 17/09/2023 Books
© Designed and Maintained by Vivekananda Library, MDU Rohtak